00767nam a2200241 a 450000100060000000300080000600500170001400800410003103500190007204000320009104100080012308200250013110000190015624500490017526000450022430000340026949000460030350000510034965000230040065000360042365000200045983000460047970573BD-RjUL20211209082021.0170418s1960 enka b 001 0 eng d a(BD-RjUL)70787 aDLCcDLCdEUXdBD-RjULbeng aeng a541.28223bLIW 19601 aLinnett, J. W.10aWave mechanics and valency /cJ. W. Linnett. aLondon :bMethuen,cc1960 [reprint 1970] axii, 184 p. :bill. ;c19 cm. aMethuen's monographs on chemical subjects aIncludes bibliographical references and index. 0aQuantum chemistry. 0aValence (Theoretical chemistry) 0aWave mechanics. 0aMethuen's monographs on chemical subjects